Centro de detención, estación de policía y juzgados de paz sector II
Presenta la carencia de medios adecuados tanto físicos, para realizar detenciones y su consiguiente procedimiento penal, enorpece la justicia, son edificios que no fueron creados para tal fin.
| Main Author: | |
|---|---|
| Other Authors: | |
| Format: | Tesis Section = Libro |
| Language: | Undetermined Spanish |
| Published: |
Guatemala
USAC-G
1973
|
| Subjects: |
| LEADER | 00837nam a2200205Ia 4500 | ||
|---|---|---|---|
| 008 | 240830s9999 xx 000 0 und d | ||
| 040 | |a BIBLIOTECA-RUSB/ Mon 725.67281 E82 | ||
| 041 | |a spa | ||
| 082 | |a Mon 725.67281 E82 | ||
| 100 | 1 | |a Estrada Zelada, Víctor Hugo | |
| 245 | 1 | 0 | |a Centro de detención, estación de policía y juzgados de paz sector II |
| 260 | |a Guatemala |b USAC-G |c 1973 | ||
| 300 | |a 71 p. :il. | ||
| 502 | |a Tesis (Arquitecto) - USAC-G, 1973. | ||
| 520 | 3 | |a Presenta la carencia de medios adecuados tanto físicos, para realizar detenciones y su consiguiente procedimiento penal, enorpece la justicia, son edificios que no fueron creados para tal fin. | |
| 650 | 7 | |a EDIFICIOS DE PRISIONES Y REFORMATORIOS - (GUATEMALA) I | |
| 700 | 1 | |a Tutor: |b Pinelo Sisniega, Manuel | |
| 942 | |c BK |2 ddc | ||
| 991 | |a TESIS | ||
| 999 | |c 21286 | ||